00916nam a22002417a 4500003000500000005001700005008004100022010001100063011001100074035001100085040000900096100003000105245020000135260004000335500006000375502008300435650001400518650001800532650001600550650002700566650001700593856006400610CHAP20220329143744.0110614s2011 mx r 00010 spa d a101490 a102462 a113150 cCHAP1 aCruz Maya, María Edith.10aAnálisis filogenético de los subgéneros Persea y Eriodaphne (Persea; Lauraceae) mediante secuencias de ADN nuclear, mitocondrial y de cloroplastoh[En línea]c/por María Edith Cruz Maya aChapingo, Méx. :bEl autor,c2011 aPara ver el contenido del material haga clic en la liga aTesis (M.C. en Biotecnología Agrícola) -- UACH. Departamento de Fitotecnia14aAguacate.14aCloroplastos.14aEriodaphne.14aFilogenia (Botánica)14aMitocondria. 3Finding aiduhttp://10.13.5.2/tesis/113150.pdfzTeclea aqui